Penyelesaian beberapa masalah matematik menggunakan kaedah lelaran multi-tahap /
Saved in:
| 主要作者: | |
|---|---|
| 格式: | Thesis 图书 |
| 语言: | Malay |
| 出版: |
2006.
|
| 主题: | |
| 标签: |
添加标签
没有标签, 成为第一个标记此记录!
|
| LEADER | 01125cam a2200277 a 4500 | ||
|---|---|---|---|
| 001 | u749010 | ||
| 003 | SIRSI | ||
| 005 | 200712031739 | ||
| 008 | 071203s2006 my 000 0 may m | ||
| 040 | |a UMM | ||
| 043 | |a a-my--- | ||
| 090 | |a QA3 |b UKMP 2006 Noraah | ||
| 100 | 0 | |a Norjidah Anjang Abd Hamid. | |
| 245 | 1 | 0 | |a Penyelesaian beberapa masalah matematik menggunakan kaedah lelaran multi-tahap / |c Norjidah binti Anjang Abd Hamid. |
| 260 | |c 2006. | ||
| 300 | |a xviii, [312] leaves : |b ill. ; |c 30 cm. | ||
| 502 | |a Thesis (Ph.D.) -- Fakulti Teknologi dan Sains Maklumat, Universiti Kebangsaan Malaysia, 2006. | ||
| 504 | |a Bibliography: leaves 289-291. | ||
| 596 | |a 1 | ||
| 650 | 0 | |a Iterative methods (Mathematics) | |
| 650 | 0 | |a Iterative methods (Mathematics) |x Problems, exercises, etc. | |
| 650 | 0 | |a Mathematics |x Problems, exercises, etc. | |
| 650 | 0 | |a Mathematics |x Research |z Malaysia. | |
| 710 | 2 | 0 | |a Universiti Kebangsaan Malaysia. |b Fakulti Teknologi dan Sains Maklumat. |
| 900 | |a ND-ZA | ||
| 999 | |a QA3 UKMP 2006 NORAAH |w LC |c 1 |i A513204767 |d 27/6/2014 |e 27/6/2014 |f 19/1/2010 |g 1 |l STACKS |m P01UTAMA |n 3 |r Y |s Y |t TESIS |u 15/1/2010 | ||
